[Event "Campionatul National de sah clasic-2016"]
[Site "Calimanesti-Caciulata"]
[Date "2016.04.24"]
[Round "8.1"]
[White "Fluerariu, Radu-Cristian"]
[Black "Gavrilescu, David"]
[Result "1-0"]
[WhiteElo "1985"]
[BlackElo "2289"]
[PlyCount "75"]
[EventDate "2016.04.18"]
[EventRounds "9"]

1. Nf3 c5 2. g3 Nc6 3. c4 e5 4. Nc3 g6 5. Bg2 Bg7 6. d3 Nge7 7. a3 d6 8. Rb1 a5
9. Bd2 O-O 10. h4 Bg4 11. Nh2 Be6 12. h5 Qd7 13. hxg6 hxg6 14. Nf3 f6 15. Qc1
Kf7 16. Nd5 Rab8 17. b4 axb4 18. axb4 cxb4 19. Bxb4 Rh8 20. Rxh8 Rxh8 21. Qa3
Nf5 22. e3 Rb8 23. g4 Nxb4 24. Qxb4 Ne7 25. Nd2 Bxg4 26. Ne4 Nc8 27. c5 Be6 28.
Nb6 Nxb6 29. Nxd6+ Ke7 30. Qxb6 f5 31. Bxb7 Bd5 32. Nc8+ Kf8 33. c6 Bxc6 34.
Qc5+ Kf7 35. Nd6+ Ke6 36. Rb6 Bxb7 37. Nxb7+ Kf7 38. Nd6+ 1-0

[Event "Campionatul National de sah clasic-2016"]
[Site "Calimanesti-Caciulata"]
[Date "2016.04.23"]
[Round "7.3"]
[White "Fluerariu, Radu-Cristian"]
[Black "Voinescu, David-Ioan"]
[Result "1/2-1/2"]
[WhiteElo "1985"]
[BlackElo "1786"]
[PlyCount "96"]
[EventDate "2016.04.18"]
[EventRounds "9"]

1. c4 c6 2. Nf3 d5 3. e3 Nf6 4. Qc2 e6 5. b3 Be7 6. Bb2 a6 7. Nc3 O-O 8. Rg1 b5
9. g4 dxc4 10. bxc4 b4 11. Ne2 c5 12. Nf4 Bb7 13. Be2 Ne4 14. Bd3 Ng5 15. Nxg5
Bxg5 16. Bxh7+ Kh8 17. Rg3 Bh4 18. Nh5 f6 19. Rh3 f5 20. Nxg7 Kxh7 21. Nxe6 Be4
22. Nxd8 Bxc2 23. Rxh4+ Kg6 24. Ne6 Rc8 25. Nf4+ Kf7 26. Rh7+ Ke8 27. Nd5 Nd7
28. g5 f4 29. Rxd7 Kxd7 30. Nb6+ Ke6 31. Nxa8 Rxa8 32. exf4 Bd3 33. Rc1 Kf5 34.
f3 Kxf4 35. Kf2 Re8 36. Re1 Rxe1 37. Kxe1 Kxf3 38. Bf6 Kg4 39. Be7 Bxc4 40.
Bxc5 Kxg5 41. Bxb4 Bxa2 42. Ke2 Be6 43. Ke3 Kg4 44. Kd4 Kh3 45. Bd6 a5 46. Kc5
Bd7 47. d4 a4 48. Kb4 Bc6 1/2-1/2

[Event "Campionatul National de sah clasic-2016"]
[Site "Calimanesti-Caciulata"]
[Date "2016.04.22"]
[Round "6.2"]
[White "Coman, Mihnea-George"]
[Black "Fluerariu, Radu-Cristian"]
[Result "1/2-1/2"]
[WhiteElo "1862"]
[BlackElo "1985"]
[PlyCount "84"]
[EventDate "2016.04.18"]
[EventRounds "9"]

1. e4 e6 2. d4 d5 3. Nd2 Nf6 4. e5 Nfd7 5. Bd3 b6 6. c3 Ba6 7. Bxa6 Nxa6 8. Ne2
c5 9. O-O Be7 10. f4 O-O 11. Nf3 Nc7 12. a3 a5 13. Be3 Qe8 14. f5 exf5 15. Nf4
g5 16. Nd3 f4 17. Bd2 Ne6 18. Nf2 Kh8 19. h3 a4 20. Qe2 c4 21. Ne1 Rg8 22. Qf3
Ra5 23. Nc2 Ndf8 24. Nb4 Qd7 25. Ng4 Ng6 26. Nh6 Rg7 27. Nf5 Nh4 28. Nxh4 gxh4
29. Kh2 Bg5 30. Rf2 Bh6 31. Qh5 Bg5 32. Qf3 Bh6 33. Qh5 Bg5 34. Qf3 Kg8 35. Re1
Rg6 36. Rd1 Kh8 37. Re1 Kg7 38. Rd1 Kg8 39. Re1 Kf8 40. Qh5 Kg7 41. Qf3 Bh6 42.
Qh5 Bg5 1/2-1/2

[Event "Campionatul National de sah clasic-2016"]
[Site "Calimanesti-Caciulata"]
[Date "2016.04.21"]
[Round "4.2"]
[White "Chivulescu, Adrian-Alexandru"]
[Black "Fluerariu, Radu-Cristian"]
[Result "0-1"]
[WhiteElo "1823"]
[BlackElo "1985"]
[PlyCount "139"]
[EventDate "2016.04.18"]
[EventRounds "9"]

1. d4 d6 2. e4 Nf6 3. Nc3 c6 4. f4 Qa5 5. Bd3 e5 6. Nf3 Nbd7 7. O-O Be7 8. Kh1
O-O 9. Bd2 Qc7 10. b4 a6 11. a4 Ng4 12. h3 Ngf6 13. g4 exd4 14. Nxd4 g6 15. Nb3
b6 16. Qe2 Bb7 17. b5 axb5 18. axb5 c5 19. Kg1 Rfe8 20. Rxa8 Bxa8 21. Re1 Bf8
22. Qf1 Bg7 23. g5 Nh5 24. Nd5 Bxd5 25. exd5 Rxe1 26. Bxe1 h6 27. h4 Nf8 28.
Be2 Qe7 29. Bxh5 gxh5 30. gxh6 Bxh6 31. Qg2+ Ng6 32. Bd2 Kh7 33. Qg3 Qxh4 34.
Qxh4 Nxh4 35. Kf2 Kg6 36. Be3 Nf5 37. Nd2 Ne7 38. Nc4 Nxd5 39. f5+ Kh7 40. Bxh6
Kxh6 41. Nxd6 Kg5 42. Kf3 Nc3 43. Kg3 f6 44. Nc8 Nxb5 45. Nxb6 Kxf5 46. Kh4 Nd4
47. Nd7 c4 48. c3 Nf3+ 49. Kxh5 Ne5 50. Nc5 Kf4 51. Kh4 f5 52. Ne6+ Ke4 53. Kg3
Nd3 54. Ng5+ Ke3 55. Nf3 f4+ 56. Kg2 Ke2 57. Nd4+ Kd2 58. Nb5 Ke3 59. Nd6 Ne5
60. Kf1 f3 61. Ke1 Kd3 62. Nb5 Ng4 63. Kf1 f2 64. Nd6 Kxc3 65. Ke2 Kb3 66. Nf5
c3 67. Nd4+ Kb2 68. Kf1 c2 69. Nxc2 Kxc2 70. Kg2 0-1

[Event "Campionatul National de sah clasic-2016"]
[Site "Calimanesti-Caciulata"]
[Date "2016.04.21"]
[Round "5.2"]
[White "Fluerariu, Radu-Cristian"]
[Black "Paraschiv, Paul-Alexandru"]
[Result "1/2-1/2"]
[WhiteElo "1985"]
[BlackElo "1876"]
[PlyCount "98"]
[EventDate "2016.04.18"]
[EventRounds "9"]

1. e4 e6 2. Nf3 d5 3. e5 c5 4. b4 cxb4 5. a3 Nc6 6. axb4 Qc7 7. d4 Nxb4 8. c3
Nc6 9. Bd3 f6 10. O-O Be7 11. Re1 f5 12. Ba3 Nh6 13. Bxe7 Qxe7 14. Na3 Nf7 15.
Qb3 O-O 16. Nc2 g5 17. c4 dxc4 18. Bxc4 g4 19. Nd2 Ng5 20. f4 gxf3 21. Nxf3
Nxf3+ 22. Qxf3 Kh8 23. Kh1 Rd8 24. d5 exd5 25. Bxd5 Be6 26. Bxc6 bxc6 27. Qxc6
Rac8 28. Qa4 Rd2 29. Ne3 Qg5 30. Qb4 Rf2 31. Qd6 Bg8 32. Qf6+ Qxf6 33. exf6 Rf8
34. Kg1 Ra2 35. Rxa2 Bxa2 36. Nxf5 Bg8 37. Ra1 Rxf6 38. Ne3 a6 39. Ng4 Rf4 40.
h3 Bc4 41. Ne5 Bb5 42. Nf3 Kg7 43. Kf2 Re4 44. Ng5 Re2+ 45. Kf3 h6 46. Ne4 Rc2
47. Nd6 Bc6+ 48. Kf4 Rf2+ 49. Ke5 Re2+ 1/2-1/2

[Event "Campionatul National de sah clasic-2016"]
[Site "Calimanesti-Caciulata"]
[Date "2016.04.20"]
[Round "3.6"]
[White "Fluerariu, Radu-Cristian"]
[Black "Schneider, Erik"]
[Result "1-0"]
[WhiteElo "1985"]
[BlackElo "1723"]
[PlyCount "63"]
[EventDate "2016.04.18"]
[EventRounds "9"]

1. e4 c5 2. Be2 e6 3. f4 Nf6 4. d3 d5 5. e5 Nfd7 6. Nf3 g6 7. c3 Nc6 8. O-O Qb6
9. Kh1 Qc7 10. Na3 a6 11. Nc2 b6 12. Be3 Bb7 13. d4 c4 14. Bf2 h6 15. Ne3 Be7
16. b3 b5 17. g4 h5 18. Ng5 Bxg5 19. fxg5 hxg4 20. Nxg4 O-O-O 21. Bf3 Ne7 22.
a4 Nf5 23. axb5 axb5 24. Qe2 Rde8 25. bxc4 bxc4 26. Rfb1 Kd8 27. Ra7 Nb6 28.
Qb2 Na4 29. Qxb7 Qxb7 30. Rbxb7 Ne7 31. Nf6 Rhf8 32. Rb8+ 1-0

[Event "Campionatul National de sah clasic-2016"]
[Site "Calimanesti-Caciulata"]
[Date "2016.04.19"]
[Round "2.15"]
[White "Purece, Victor"]
[Black "Fluerariu, Radu-Cristian"]
[Result "0-1"]
[WhiteElo "1541"]
[BlackElo "1985"]
[PlyCount "66"]
[EventDate "2016.04.18"]
[EventRounds "9"]

1. d4 Nf6 2. c4 g6 3. Nc3 Bg7 4. e4 d6 5. Nf3 O-O 6. Be2 Bg4 7. Bg5 Nfd7 8. Qd2
Nc6 9. d5 Bxf3 10. gxf3 Nd4 11. Bh6 Bxh6 12. Qxd4 c5 13. Qd1 a6 14. h4 Bg7 15.
Qd2 Qa5 16. h5 b5 17. cxb5 axb5 18. hxg6 fxg6 19. Qe3 b4 20. Nd1 b3+ 21. Qd2
bxa2 22. Qxa5 Rxa5 23. Kd2 Rb8 24. Kc2 Rb4 25. Nc3 c4 26. Bf1 Nc5 27. Be2 Nd3
28. Bxd3 cxd3+ 29. Kxd3 Rxb2 30. Rhf1 Ra3 31. Rfc1 Rbb3 32. Ke2 Bxc3 33. Rxc3
Rxc3 0-1

[Event "Campionatul National de sah clasic-2016"]
[Site "Calimanesti-Caciulata"]
[Date "2016.04.18"]
[Round "1.3"]
[White "Fluerariu, Radu-Cristian"]
[Black "Berechet, Stefan-Mario"]
[Result "1/2-1/2"]
[WhiteElo "1985"]
[BlackElo "1586"]
[PlyCount "93"]
[EventDate "2016.04.18"]
[EventRounds "9"]

1. e4 c5 2. Nf3 e6 3. d4 cxd4 4. Nxd4 a6 5. Be2 Nc6 6. Be3 Qc7 7. O-O Nf6 8.
Nc3 Be7 9. f4 d6 10. Qe1 O-O 11. Qg3 Kh8 12. Rae1 b5 13. a3 Bb7 14. Bd3 Nd7 15.
f5 Nxd4 16. Bxd4 e5 17. Be3 Nf6 18. Qh3 Ng8 19. Rf3 Qd8 20. Rd1 Rc8 21. Rg3 Rb8
22. Qg4 Bf6 23. Nd5 Bxd5 24. exd5 Qe7 25. Be4 Rfc8 26. Rh3 Rc4 27. b3 Rc3 28.
Kh1 Rbc8 29. Bd2 Rxh3 30. Qxh3 Rc7 31. Qd3 Bg5 32. Ba5 Rb7 33. Qc3 h6 34. Qc8
Qd7 35. Qxd7 Rxd7 36. c4 bxc4 37. bxc4 Bd8 38. Bxd8 Rxd8 39. Rb1 Nf6 40. Bd3
Nd7 41. Kg1 Nc5 42. Bc2 Kg8 43. Kf2 Kf8 44. g4 Ke7 45. h4 Rd7 46. Ke3 Rb7 47.
g5 1/2-1/2

[Event "Campionatul  National de sah pentru cop"]
[Site "Calimanesti-Caciulata"]
[Date "2015.04.06"]
[Round "9.3"]
[White "Ileana, George"]
[Black "Fluerariu, Radu-Cristian"]
[Result "1-0"]
[WhiteElo "2062"]
[BlackElo "1722"]
[PlyCount "67"]
[EventDate "2015.03.30"]
[EventRounds "7"]

1. e4 e5 2. Nf3 Nc6 3. Bb5 a6 4. Ba4 Nf6 5. d3 b5 6. Bb3 Be7 7. O-O O-O 8. c3
d6 9. h3 Be6 10. Bc2 d5 11. exd5 Bxd5 12. Re1 Bd6 13. Nbd2 Re8 14. Ne4 Bxe4 15.
dxe4 Ne7 16. Nh4 h6 17. Qf3 Qd7 18. Bxh6 gxh6 19. Qxf6 Qe6 20. Qf3 c5 21. Nf5
Nxf5 22. exf5 Qf6 23. Rad1 Rad8 24. Qb7 Kh8 25. Be4 Be7 26. Bc6 Rb8 27. Qxa6
Ra8 28. Qxb5 Reb8 29. Bb7 Ra7 30. Rd7 Bd8 31. Red1 Kh7 32. b4 cxb4 33. cxb4
Qxf5 34. Qd5 1-0

[Event "Campionatul  National de sah pentru cop"]
[Site "Calimanesti-Caciulata"]
[Date "2015.04.05"]
[Round "8.8"]
[White "Cotruta, Alexandru-Mihai"]
[Black "Fluerariu, Radu-Cristian"]
[Result "0-1"]
[WhiteElo "1661"]
[BlackElo "1722"]
[PlyCount "122"]
[EventDate "2015.03.30"]
[EventRounds "7"]

1. d4 Nf6 2. c4 g6 3. Nc3 Bg7 4. e4 d6 5. Nf3 O-O 6. Be2 Nbd7 7. O-O e5 8. Re1
exd4 9. Nxd4 Nc5 10. f3 Nh5 11. Be3 Re8 12. Bf1 Be5 13. g3 Bd7 14. Qd2 Qc8 15.
g4 Ng7 16. b4 Nce6 17. h3 g5 18. Rac1 Qd8 19. Nf5 Nxf5 20. gxf5 Nf4 21. Nd5
Nxd5 22. cxd5 f6 23. Kh1 c6 24. Bc4 Kh8 25. f4 gxf4 26. Bxf4 Qe7 27. Rg1 Bxf4
28. Qxf4 Qxe4+ 29. Qxe4 Rxe4 30. Rg3 Rc8 31. Bb3 Rce8 32. dxc6 Bxc6 33. Kg1
Rxb4 34. Kf2 Rf4+ 35. Kg1 Rxf5 36. h4 Rf4 37. h5 Rh4 38. Rcc3 Rf8 39. Rce3 Rxh5
40. Kf2 Rf5+ 41. Ke1 Re5 42. Rxe5 fxe5 43. Kd2 d5 44. Ke3 d4+ 45. Ke2 e4 46.
Rg4 Bb5+ 47. Ke1 e3 48. Rg1 d3 49. a4 d2+ 50. Kd1 Rf1+ 51. Rxf1 Bxf1 52. a5 b5
53. a6 b4 54. Bc2 h5 55. Bd3 Bg2 56. Ke2 Bf3+ 57. Kxf3 d1=Q+ 58. Be2 Qd4 59.
Bb5 h4 60. Ke2 h3 61. Ke1 Qd2+ 0-1

[Event "Campionatul  National de sah pentru cop"]
[Site "Calimanesti-Caciulata"]
[Date "2015.04.04"]
[Round "7.10"]
[White "Fluerariu, Radu-Cristian"]
[Black "Bobocea, Laurentiu-Vlad"]
[Result "1-0"]
[WhiteElo "1722"]
[BlackElo "1675"]
[PlyCount "59"]
[EventDate "2015.03.30"]
[EventRounds "7"]

1. e4 c5 2. Nf3 e6 3. d4 cxd4 4. Nxd4 Nf6 5. Nc3 d6 6. Be3 Be7 7. f3 a6 8. Qd2
Qc7 9. O-O-O b5 10. g4 Bb7 11. g5 Nfd7 12. h4 Nc6 13. Kb1 Nde5 14. Qf2 Nc4 15.
Bxc4 bxc4 16. h5 Ne5 17. Rdg1 Kd7 18. f4 Nc6 19. f5 Nxd4 20. Bxd4 e5 21. Bb6
Qc8 22. f6 gxf6 23. gxf6 Bf8 24. h6 Ke8 25. Rh4 a5 26. Nb5 Rb8 27. Bc7 Bxe4 28.
Bxb8 Bxc2+ 29. Qxc2 Qxb8 30. Qxc4 1-0

[Event "Campionatul  National de sah pentru cop"]
[Site "Calimanesti-Caciulata"]
[Date "2015.04.03"]
[Round "6.4"]
[White "Szocs, Teodor Iulian"]
[Black "Fluerariu, Radu-Cristian"]
[Result "1-0"]
[WhiteElo "2014"]
[BlackElo "1722"]
[PlyCount "121"]
[EventDate "2015.03.30"]
[EventRounds "7"]

1. e4 c5 2. d4 cxd4 3. c3 dxc3 4. Nxc3 Nc6 5. Nf3 d6 6. Bc4 e6 7. O-O Be7 8.
Bf4 Nf6 9. Qe2 e5 10. Be3 O-O 11. h3 h6 12. Rfd1 Be6 13. Bxe6 fxe6 14. Qc4 Qc8
15. Kh1 Kh7 16. Rac1 Rd8 17. a3 Ne8 18. b4 Nc7 19. Na4 d5 20. exd5 exd5 21.
Qc2+ Kh8 22. Nxe5 Nxe5 23. Qxc7 Bf6 24. Qxc8 Raxc8 25. Rxc8 Rxc8 26. Rxd5 b6
27. Bd4 Rc1+ 28. Kh2 Rd1 29. Nc3 Rxd4 30. Rxd4 Nf3+ 31. gxf3 Bxd4 32. Nd1 Kg8
33. Kg3 Kf7 34. Kf4 a5 35. Ke4 Bf6 36. Ne3 Be7 37. Nd5 axb4 38. axb4 Bd6 39. b5
Bc5 40. Ne3 Ke6 41. f4 g6 42. Ng4 h5 43. Ne5 Bxf2 44. Nxg6 Kf6 45. Ne5 Ke6 46.
Nd3 Bg3 47. f5+ Kf6 48. Nf4 Kg5 49. Nd5 Bf2 50. f6 Kg6 51. Ke5 Kf7 52. Nf4 Bg3
53. Kf5 Bxf4 54. Kxf4 Kxf6 55. h4 Ke6 56. Kg5 Ke5 57. Kxh5 Kf5 58. Kh6 Kf6 59.
h5 Kf7 60. Kg5 Kg7 61. Kf5 1-0

[Event "Campionatul  National de sah pentru cop"]
[Site "Calimanesti-Caciulata"]
[Date "2015.04.02"]
[Round "4.5"]
[White "Dicu, Dan Alexandru"]
[Black "Fluerariu, Radu-Cristian"]
[Result "1/2-1/2"]
[WhiteElo "1909"]
[BlackElo "1722"]
[PlyCount "125"]
[EventDate "2015.03.30"]
[EventRounds "7"]

1. e4 c5 2. c3 d5 3. exd5 Qxd5 4. d4 Bf5 5. Na3 Nc6 6. Be3 cxd4 7. Nb5 O-O-O 8.
Nxd4 e6 9. Qa4 Nxd4 10. Qxd4 Qxd4 11. Bxd4 a6 12. Nf3 Ne7 13. Ne5 Bg6 14. Nxg6
Nxg6 15. g3 e5 16. Bh3+ Kc7 17. Be3 h5 18. O-O Bd6 19. c4 Rhe8 20. Rfd1 Bf8 21.
Bg2 Ne7 22. b4 Nf5 23. a3 Nxe3 24. fxe3 g6 25. Bd5 Rd7 26. Rf1 Ree7 27. e4 Bg7
28. Ra2 Bh6 29. Kg2 Bg7 30. Raf2 f6 31. Rc2 Rd8 32. h3 Rf8 33. Rcf2 Kd6 34. Rd1
Kc7 35. Rh1 Bh6 36. g4 Bf4 37. Kf3 Rg7 38. Rg2 h4 39. Ke2 Rd8 40. Kd3 Re7 41.
Kc2 b6 42. Kb3 g5 43. Rb1 Be3 44. Re2 Bd4 45. Rf1 Rf8 46. Rf3 Kd6 47. Re1 Rc7
48. a4 a5 49. Ref1 Ke7 50. bxa5 bxa5 51. Ka2 Bc5 52. Rb1 Bb4 53. Rfb3 Rb8 54.
Rc1 Rc5 55. Rf1 Rb6 56. Kb2 Rc8 57. Kc2 Rcb8 58. Rfb1 Kd6 59. Kd3 Kc5 60. R1b2
Kd6 61. Rb1 Kc5 62. R1b2 Kd6 63. Rb1 1/2-1/2

[Event "Campionatul  National de sah pentru cop"]
[Site "Calimanesti-Caciulata"]
[Date "2015.04.02"]
[Round "5.4"]
[White "Fluerariu, Radu-Cristian"]
[Black "Mongescu, Victor"]
[Result "1/2-1/2"]
[WhiteElo "1722"]
[BlackElo "1802"]
[PlyCount "77"]
[EventDate "2015.03.30"]
[EventRounds "7"]

1. c4 f5 2. g3 Nf6 3. Bg2 e6 4. Nc3 d5 5. d4 c6 6. Nf3 Bd6 7. Qc2 O-O 8. O-O
Ne4 9. Bd2 Nd7 10. Ne1 Ndf6 11. f3 Nxc3 12. Qxc3 Nh5 13. Nd3 Bd7 14. Rae1 Qe7
15. e4 fxe4 16. fxe4 dxe4 17. Rxe4 Rxf1+ 18. Bxf1 Rf8 19. Bg2 Qf6 20. Nf4 Nxf4
21. Bxf4 Bxf4 22. Rxf4 Qe7 23. Rxf8+ Qxf8 24. b3 Qf6 25. Qd2 Kf7 26. Qf4 Ke7
27. Qxf6+ gxf6 28. Kf2 e5 29. dxe5 fxe5 30. Ke3 Kf6 31. Be4 h6 32. a3 b6 33. b4
c5 34. bxc5 bxc5 35. Kd3 Be8 36. Ke3 Ba4 37. h4 Bb3 38. Bd3 Ba4 39. Be4 1/2-1/2

[Event "Campionatul  National de sah pentru cop"]
[Site "Calimanesti-Caciulata"]
[Date "2015.04.01"]
[Round "3.5"]
[White "Fluerariu, Radu-Cristian"]
[Black "Talu, Mircea"]
[Result "1/2-1/2"]
[WhiteElo "1722"]
[BlackElo "1784"]
[PlyCount "44"]
[EventDate "2015.03.30"]
[EventRounds "7"]

1. e4 c6 2. c4 d5 3. exd5 cxd5 4. cxd5 Nf6 5. Nc3 Nxd5 6. Nf3 Nc6 7. Bb5 Nxc3
8. bxc3 Bd7 9. O-O e6 10. Qe2 Be7 11. d4 O-O 12. Rb1 Rc8 13. Bd3 Na5 14. Bd2
Bc6 15. Rfe1 Bd5 16. Ne5 Bf6 17. Qh5 g6 18. Qg4 Bg7 19. h4 f6 20. c4 f5 21. Qe2
Bc6 22. Bc3 b6 1/2-1/2

[Event "Campionatul  National de sah pentru cop"]
[Site "Calimanesti-Caciulata"]
[Date "2015.03.31"]
[Round "2.12"]
[White "Mortu, Adrian"]
[Black "Fluerariu, Radu-Cristian"]
[Result "0-1"]
[WhiteElo "1536"]
[BlackElo "1722"]
[PlyCount "76"]
[EventDate "2015.03.30"]
[EventRounds "7"]

1. e4 e5 2. Nf3 Nc6 3. d4 exd4 4. Bc4 Nf6 5. O-O Nxe4 6. Re1 d5 7. Bxd5 Qxd5 8.
Nc3 Qh5 9. Nxe4 Be6 10. Neg5 O-O-O 11. Nxe6 fxe6 12. Rxe6 Bd6 13. Qd3 Rhe8 14.
Rxe8 Rxe8 15. Bd2 g6 16. h3 Ne5 17. Nxe5 Qxe5 18. f4 Qd5 19. b3 a6 20. Rf1 Rf8
21. c4 Qf5 22. Qxf5+ gxf5 23. Re1 Kd7 24. Kf2 c5 25. Re2 b5 26. Kf3 h5 27. Kg3
Rh8 28. Kf3 Rg8 29. Be1 Rg6 30. a4 bxc4 31. bxc4 Bc7 32. a5 Rg8 33. Rb2 Re8 34.
Bf2 Kc6 35. Ra2 Rb8 36. Be1 Rb3+ 37. Kf2 Bxf4 38. Kf1 Be3 0-1

[Event "Campionatul  National de sah pentru cop"]
[Site "Calimanesti-Caciulata"]
[Date "2015.03.30"]
[Round "1.18"]
[White "Fluerariu, Radu-Cristian"]
[Black "Butusina, Samuel"]
[Result "1-0"]
[WhiteElo "1722"]
[BlackElo "1271"]
[PlyCount "79"]
[EventDate "2015.03.30"]
[EventRounds "7"]

1. e4 d6 2. d4 g6 3. Nc3 Bg7 4. Bc4 Nf6 5. f3 Bd7 6. Nge2 O-O 7. Be3 a6 8. Qd2
b5 9. Bb3 Nc6 10. O-O-O Na5 11. h4 Nxb3+ 12. cxb3 h5 13. e5 Ne8 14. f4 Bf5 15.
Ng3 Bg4 16. Rde1 e6 17. Nce4 d5 18. Nf2 Bf5 19. Nxf5 gxf5 20. Qe2 Qd7 21. Qxh5
Qc6+ 22. Kb1 a5 23. Nh3 f6 24. g4 a4 25. b4 a3 26. g5 axb2 27. g6 Bh6 28. Qxh6
Qd7 29. Kxb2 c6 30. a3 Qa7 31. Ra1 Qg7 32. Qxg7+ Kxg7 33. h5 Rh8 34. Nf2 Rh6
35. Rac1 Rc8 36. Nd3 Kf8 37. Nc5 Ng7 38. exf6 Nxh5 39. Nxe6+ Kg8 40. f7+ 1-0

[Event "Calimanesti ROM, Ch U12 (b) 2014"]
[Site "Calimanesti ROM"]
[Date "2014.04.13"]
[Round "9.7"]
[White "Stancu-Filipescu, David"]
[Black "Fluerariu, Radu-Cristian"]
[Result "0-1"]
[WhiteElo "1600"]
[BlackElo "1814"]
[PlyCount "106"]
[EventDate "2014.04.06"]
[EventType "swiss"]
[EventRounds "9"]
[EventCountry "ROM"]

1. d4 d5 2. c4 e6 3. cxd5 exd5 4. Nc3 c5 5. Nf3 Nc6 6. dxc5 d4 7. Ne4 Bxc5 8.
Nxc5 Qa5+ 9. Bd2 Qxc5 10. e3 Nf6 11. Rc1 Qe7 12. Bb5 dxe3 13. Bxe3 Qb4+ 14. Qd2
Qxb5 15. Bc5 Be6 16. Nd4 Nxd4 17. Qxd4 Rd8 18. Qe5 Qd3 19. Qg5 Qg6 20. Qxg6
hxg6 21. Bxa7 O-O 22. a3 Rc8 23. O-O Rxc1 24. Rxc1 Rc8 25. Rxc8+ Bxc8 26. Kf1
Ng4 27. h3 Ne5 28. Bd4 f6 29. Ke2 Kf7 30. Ke3 Ke6 31. b3 Kd5 32. Bc3 g5 33. Bb4
g6 34. Be7 Ke6 35. Bd8 Nc6 36. Bb6 Ke5 37. Bc7+ Kd5 38. Bb6 Bf5 39. Kd2 Nd4 40.
Bd8 Ke6 41. Kc3 Ne2+ 42. Kd2 Nf4 43. g4 Bb1 44. b4 Nxh3 45. a4 Nxf2 46. a5 Nxg4
47. b5 Be4 48. Bc7 Ne5 49. Bd8 Nc4+ 50. Ke2 Nd6 51. a6 Nxb5 52. axb7 Bxb7 53.
Ke3 Ke5 0-1

[Event "Calimanesti ROM, Ch U12 (b) 2014"]
[Site "Calimanesti ROM"]
[Date "2014.04.11"]
[Round "7.5"]
[White "Schneider, Erik"]
[Black "Fluerariu, Radu-Cristian"]
[Result "0-1"]
[WhiteElo "1615"]
[BlackElo "1814"]
[PlyCount "90"]
[EventDate "2014.04.06"]
[EventType "swiss"]
[EventRounds "9"]
[EventCountry "ROM"]

1. e4 e5 2. Bc4 Nf6 3. d3 Nc6 4. Nc3 Na5 5. a3 Nxc4 6. dxc4 Be7 7. Nf3 d6 8.
O-O Be6 9. b3 Qd7 10. Qd3 O-O-O 11. Nd5 Nxd5 12. cxd5 Bg4 13. Ne1 g5 14. Be3
Kb8 15. b4 h6 16. c4 f5 17. f3 fxe4 18. fxe4 Rhf8 19. Nc2 Bh5 20. b5 Bg6 21.
Bf2 Rf4 22. Rfe1 Rdf8 23. Bg3 R4f7 24. a4 h5 25. h3 h4 26. Bh2 g4 27. hxg4 Qxg4
28. a5 Rf2 29. Qh3 Qxh3 30. gxh3 Rxc2 31. Rec1 Rxc1+ 32. Rxc1 Bxe4 33. Rd1 Rg8+
34. Kf2 Rg2+ 35. Ke3 Bc2 36. Rf1 Rxh2 37. Rf7 Rxh3+ 38. Kd2 Rh2+ 39. Kc3 Bd8
40. Kb4 b6 41. a6 h3 42. Rf8 Kc8 43. Rh8 e4 44. Kc3 e3 45. Re8 e2 0-1

[Event "Calimanesti ROM, Ch U12 (b) 2014"]
[Site "Calimanesti ROM"]
[Date "2014.04.10"]
[Round "6.9"]
[White "Fluerariu, Radu-Cristian"]
[Black "Voinescu, David-Ioan"]
[Result "1-0"]
[WhiteElo "1814"]
[BlackElo "1523"]
[PlyCount "35"]
[EventDate "2014.04.06"]
[EventType "swiss"]
[EventRounds "9"]
[EventCountry "ROM"]

1. e4 c6 2. d4 d5 3. exd5 cxd5 4. c4 Nf6 5. Nc3 e6 6. Nf3 Bb4 7. cxd5 Nxd5 8.
Bd2 Bxc3 9. bxc3 Nc6 10. Bd3 O-O 11. Qc2 h6 12. O-O Qc7 13. Rab1 b6 14. c4 Nf6
15. Bc3 Bb7 16. d5 exd5 17. Bxf6 dxc4 18. Qxc4 1-0

[Event "Calimanesti ROM, Ch U12 (b) 2014"]
[Site "Calimanesti ROM"]
[Date "2014.04.09"]
[Round "5.15"]
[White "Gogonea, Paul"]
[Black "Fluerariu, Radu-Cristian"]
[Result "0-1"]
[WhiteElo "1479"]
[BlackElo "1814"]
[PlyCount "66"]
[EventDate "2014.04.06"]
[EventType "swiss"]
[EventRounds "9"]
[EventCountry "ROM"]

1. d4 d5 2. Bg5 f6 3. Bf4 c5 4. e3 Nc6 5. c3 e5 6. dxe5 fxe5 7. Bg3 Nf6 8. Nf3
Bd6 9. Be2 Qc7 10. O-O Bf5 11. Na3 a6 12. Qd2 O-O-O 13. Rfd1 h6 14. Rac1 g5 15.
Nc2 Be6 16. Kf1 Ne4 17. Qe1 h5 18. Nd2 Nxd2+ 19. Qxd2 h4 20. Bxe5 Bxe5 21. h3
Rhg8 22. Ne1 g4 23. hxg4 Bxg4 24. Bxg4+ Rxg4 25. Nf3 Qg7 26. Nxe5 Nxe5 27. f3
Rg3 28. c4 h3 29. cxd5 hxg2+ 30. Ke2 g1=Q 31. Rxc5+ Kb8 32. Rxg1 Rxg1 33. Qa5
Qg2# 0-1

[Event "Calimanesti ROM, Ch U12 (b) 2014"]
[Site "Calimanesti ROM"]
[Date "2014.04.08"]
[Round "3.15"]
[White "Fluerariu, Radu-Cristian"]
[Black "Raduta-Gib, Stefan-Vladimir"]
[Result "1/2-1/2"]
[WhiteElo "1814"]
[BlackElo "1344"]
[PlyCount "48"]
[EventDate "2014.04.06"]
[EventType "swiss"]
[EventRounds "9"]
[EventCountry "ROM"]

1. e4 c6 2. d4 d5 3. exd5 cxd5 4. c4 Nf6 5. Nc3 e6 6. a3 Be7 7. Nf3 O-O 8. Bd3
dxc4 9. Bxc4 Nbd7 10. O-O Qc7 11. Qe2 Re8 12. Nb5 Qb8 13. Bg5 a6 14. Nc3 b5 15.
Bd3 Bb7 16. Rfe1 h6 17. Bh4 Qa7 18. Rad1 Rac8 19. Bxf6 Bxf6 20. Ne4 Bxe4 21.
Qxe4 g6 22. Ne5 Nxe5 23. dxe5 Bg7 24. Rc1 Rc7 1/2-1/2

[Event "Calimanesti ROM, Ch U12 (b) 2014"]
[Site "Calimanesti ROM"]
[Date "2014.04.07"]
[Round "2.18"]
[White "Farcadi, Hunor"]
[Black "Fluerariu, Radu-Cristian"]
[Result "1/2-1/2"]
[WhiteElo "1372"]
[BlackElo "1814"]
[PlyCount "50"]
[EventDate "2014.04.06"]
[EventType "swiss"]
[EventRounds "9"]
[EventCountry "ROM"]

1. e4 e5 2. Nf3 Nc6 3. d4 exd4 4. Nxd4 Bc5 5. Be3 Qf6 6. c3 Nge7 7. g3 d5 8.
Bg2 Nxd4 9. cxd4 Bb4+ 10. Nc3 Bxc3+ 11. bxc3 dxe4 12. Bxe4 c6 13. O-O Bf5 14.
Bg2 Rd8 15. Qb3 Rd7 16. h4 h6 17. Bf4 O-O 18. Rfe1 Ng6 19. Be5 Nxe5 20. Rxe5
Be6 21. Qa3 a6 22. Qb2 Rfd8 23. a3 Bd5 24. Rae1 Be6 25. Qb4 Qe7 1/2-1/2

[Event "CN Juniori 2013 - B12"]
[Site "Calimanesti-Caciulata"]
[Date "2013.04.08"]
[Round "9.5"]
[White "Fluerariu, Radu-Cristian"]
[Black "Padurean, Daniel Cristian"]
[Result "1/2-1/2"]
[WhiteElo "1763"]
[BlackElo "1616"]
[PlyCount "92"]
[EventDate "2013.04.02"]
[EventRounds "9"]

1. e4 e5 2. Nf3 Nc6 3. Bb5 a6 4. Ba4 d6 5. Bxc6+ bxc6 6. d4 exd4 7. Qxd4 c5 8.
Qd3 g6 9. O-O Bg7 10. Re1 f6 11. Nc3 Nh6 12. b3 Nf7 13. Bb2 O-O 14. Rad1 Be6
15. Nd5 Bxd5 16. exd5 Ne5 17. Qe2 Re8 18. Nxe5 fxe5 19. Bc1 Qd7 20. Rd3 Rf8 21.
c4 Rf5 22. Rf3 Rxf3 23. Qxf3 Rf8 24. Qe4 Qf5 25. f3 Qxe4 26. fxe4 Kf7 27. Rf1+
Ke7 28. Rxf8 Bxf8 29. Kf2 Kd7 30. Kf3 c6 31. dxc6+ Kxc6 32. Bd2 Bg7 33. Kg4 Kd7
34. h4 Ke6 35. h5 Kf7 36. Bg5 Bf6 37. Kh4 Bg7 38. g4 h6 39. hxg6+ Kxg6 40. Be7
Bf6+ 41. Bxf6 Kxf6 42. Kh5 Kg7 43. g5 hxg5 44. Kxg5 a5 45. a3 Kf7 46. Kf5 Ke7
1/2-1/2